[Event "Barbera del Valles op 45th"]
[Site "Barbera del Valles"]
[Date "2023.07.09"]
[Round "6"]
[White "Sort Sererols, Josep"]
[Black "Sambarta, Banerjee"]
[Result "1/2-1/2"]
[WhiteElo "2051"]
[BlackElo "1975"]
[PlyCount "63"]
[EventDate "2023.07.04"]
[EventType "swiss"]
[EventRounds "9"]
[EventCountry "ESP"]
[SourceTitle "CBM 215 Extra"]
[Source "ChessBase"]
[SourceDate "2023.09.30"]
[SourceVersion "1"]
[SourceVersionDate "2023.09.30"]
[SourceQuality "1"]

1. e4 c6 2. Nf3 d5 3. exd5 cxd5 4. Ne5 Nc6 5. d4 Bf5 6. c3 e6 7. Bb5 Qb6 8. Qe2 Nf6 9. Nd2 Be7 10. g4 Be4 11. f3 Bg6 12. h4 h6 13. Bxc6+ bxc6 14. Nxg6 fxg6 15. Qxe6 Qc7 16. Kf2 Rd8 17. Nb3 Rf8 18. Kg2 Rd6 19. Qe2 Qc8 20. Nc5 Nd7 21. Ne6 Rf7 22. Re1 Nf8 23. Nxf8 Kxf8 24. b3 Rdf6 25. f4 Bd6 26. g5 Re7 27. Qd1 Rxe1 28. Qxe1 Qg4+ 29. Qg3 Qe2+ 30. Qf2 Qg4+ 31. Qg3 Qe2+ 32. Qf2 1/2-1/2

[Event "Barbera del Valles op 45th"]
[Site "Barbera del Valles"]
[Date "2023.07.06"]
[Round "3"]
[White "Lever, Erwan"]
[Black "Sort Sererols, Josep"]
[Result "1-0"]
[WhiteElo "2252"]
[BlackElo "2051"]
[PlyCount "95"]
[EventDate "2023.07.04"]
[EventType "swiss"]
[EventRounds "9"]
[EventCountry "ESP"]
[SourceTitle "CBM 215 Extra"]
[Source "ChessBase"]
[SourceDate "2023.09.30"]
[SourceVersion "1"]
[SourceVersionDate "2023.09.30"]
[SourceQuality "1"]

1. d4 d6 2. Nf3 g6 3. c4 Bg7 4. Nc3 Nc6 5. d5 Ne5 6. Nd4 c5 7. dxc6 Nxc6 8. Nxc6 bxc6 9. g3 Be6 10. Bg2 Rc8 11. Qa4 Qd7 12. 0-0 Bxc3 13. bxc3 c5 14. Qa6 Bh3 15. Rb1 Bxg2 16. Kxg2 h5 17. h4 Kf8 18. Rb7 Qe6 19. Re1 Kg7 20. Qxa7 f6 21. Bf4 g5 22. hxg5 h4 23. gxf6+ Kxf6 24. e4 hxg3 25. Bxg3 Qh3+ 26. Kf3 Rf8 27. Ke2 Kg6 28. Kd2 Rh7 29. Rg1 Kh5 30. Rbb1 Rhf7 31. Rbf1 Qg4 32. Qb7 Nf6 33. f3 Nxe4+ 34. Kc2 Rxf3 35. Be1 Rf2+ 36. Rxf2 Rxf2+ 37. Bxf2 Qe2+ 38. Kb3 Nd2+ 39. Ka4 Qxc4+ 40. Ka5 Qxc3+ 41. Kb6 Nc4+ 42. Kc7 Qa5+ 43. Kc8 Nb6+ 44. Kb8 d5 45. Qc6 Nd7+ 46. Qxd7 Qb6+ 47. Kc8 Qa6+ 48. Kd8 1-0

[Event "Barbera del Valles op 44th"]
[Site "Barbera del Valles"]
[Date "2022.07.06"]
[Round "3"]
[White "Sort Sererols, Josep"]
[Black "Menac Comas, Joan Ramon"]
[Result "1-0"]
[WhiteElo "1985"]
[BlackElo "2096"]
[PlyCount "97"]
[EventDate "2022.07.04"]
[EventType "swiss"]
[EventRounds "9"]
[EventCountry "ESP"]
[SourceTitle "EXT 2023"]
[Source "ChessBase"]
[SourceDate "2022.10.05"]
[SourceVersion "1"]
[SourceVersionDate "2022.10.05"]
[SourceQuality "1"]

1. e4 c5 2. Nf3 g6 3. d4 cxd4 4. Qxd4 Nf6 5. Nc3 Nc6 6. Qa4 Bg7 7. e5 Ng8 8. Bf4 f6 9. exf6 Nxf6 10. 0-0-0 0-0 11. h4 Qa5 12. Qc4+ Kh8 13. Ng5 d5 14. Nxd5 Nxd5 15. Rxd5 Qe1+ 16. Rd1 Qxf2 17. g3 Bg4 18. h5 gxh5 19. Bh3 Bxd1 20. Rxd1 Ne5 21. Qe4 Ng6 22. Be6 Rxf4 23. gxf4 Qxf4+ 24. Qxf4 Nxf4 25. Nf7+ Kg8 26. Bb3 e6 27. Nd8 Bh6 28. Kb1 Kg7 29. Nxb7 h4 30. Nc5 h3 31. Nxe6+ Nxe6 32. Bxe6 h2 33. Bd5 Rd8 34. c4 Be3 35. Rh1 Rxd5 36. cxd5 Bg1 37. Kc2 Kf6 38. Kd3 Ke5 39. Kc4 Kf4 40. a4 Kf3 41. a5 Kg2 42. d6 Be3 43. d7 Bg5 44. Rd1 h1Q 45. Rxh1 Kxh1 46. b4 h5 47. b5 Bd8 48. b6 axb6 49. a6 1-0